| 000 | 00517nam a2200133Ia 4500 | ||
|---|---|---|---|
| 008 | 160809s9999 xx 000 0 und d | ||
| 100 | _aSahoo, Rajesh Kumar. | ||
| 245 | _aAutomatic Generation and Optimization of Test Data Using Harmony Search Algorithm | ||
| 245 | _cRajesh Kumar Sahoo, Deeptimanta Ojha, Durga Prasad Mohapatra and Manas Ranjan Patra. | ||
| 260 | _bComputer Science and Information Technology | ||
| 260 | _cJuly 2016 | ||
| 650 | _xINFORMATION TECHNOLOGY | ||
| 856 | _uhttp://airccse.org/V6N56.html | ||
| 999 |
_c300135 _d300135 |
||